[Event "GER-chT U20"]
[Site "Osnabrueck"]
[Date "2015.12.29"]
[Round "6.6"]
[White "Toptschiev, David"]
[Black "Dudt, Jonas"]
[Result "1-0"]
[WhiteElo "1827"]
[BlackElo "1523"]
[PlyCount "85"]
[EventDate "2015.12.27"]
[EventType "team-swiss"]
[EventRounds "7"]
[EventCountry "GER"]
[SourceTitle "EXT 2017"]
[Source "ChessBase"]
[SourceDate "2016.10.25"]
[SourceVersion "1"]
[SourceVersionDate "2016.10.25"]
[SourceQuality "1"]
[WhiteTeam "Baden-Baden"]
[BlackTeam "Heilbronn"]
[WhiteTeamCountry "GER"]
[BlackTeamCountry "GER"]

1. c4 c5 2. g3 g6 3. Bg2 Bg7 4. Nc3 Nc6 5. e3 e6 6. Nge2 Nge7 7. 0-0 d5 8. cxd5 exd5 9. d4 cxd4 10. Nxd4 Nxd4 11. exd4 0-0 12. Be3 Be6 13. Qd2 Qd6 14. Rac1 Rac8 15. Bg5 Nf5 16. Be3 Ne7 17. a3 a6 18. b4 b5 19. Ne2 Rxc1 20. Rxc1 Rc8 21. Rc5 Nf5 22. Nf4 Nxe3 23. fxe3 Rxc5 24. bxc5 Qc6 25. Qa2 g5 26. Nxd5 Kf8 27. Nc7 Bxa2 28. Bxc6 Bc4 29. Nxa6 g4 30. Nc7 Bh6 31. Kf2 Bg5 32. Bxb5 Bxb5 33. Nxb5 Bd8 34. e4 Ke8 35. Ke3 Bg5+ 36. Kd3 Kd7 37. d5 Bf6 38. a4 Be5 39. a5 Kc8 40. Nd6+ Kb8 41. Nxf7 Bc7 42. a6 Ka7 43. d6 1-0

[Event "GER-chT U20"]
[Site "Naumburg Saale"]
[Date "2014.12.30"]
[Round "7.4"]
[White "Biefel, Christian"]
[Black "Toptschiev, David"]
[Result "0-1"]
[WhiteElo "1763"]
[BlackElo "1775"]
[PlyCount "56"]
[EventDate "2014.12.27"]
[EventType "team-swiss"]
[EventRounds "7"]
[EventCountry "GER"]
[SourceTitle "EXT 2016"]
[Source "ChessBase"]
[SourceDate "2015.10.08"]
[SourceVersion "1"]
[SourceVersionDate "2015.10.08"]
[SourceQuality "1"]
[WhiteTeam "Heilbronn"]
[BlackTeam "Baden-Baden"]
[WhiteTeamCountry "GER"]
[BlackTeamCountry "GER"]

1. c4 e5 2. g3 Nf6 3. Bg2 Nc6 4. Nc3 Bb4 5. Nf3 0-0 6. 0-0 d5 7. cxd5 Nxd5 8. Qc2 Bxc3 9. dxc3 Nb6 10. Rd1 Qe7 11. Be3 Nc4 12. Ng5 g6 13. Qc1 Nxe3 14. Qxe3 f6 15. Ne4 f5 16. Nc5 e4 17. b4 b6 18. Nb3 Bb7 19. b5 Ne5 20. Qd4 Rfd8 21. Qa4 a6 22. Nd4 axb5 23. Qxb5 Ra5 24. Qb2 Rad5 25. Qb3 c5 26. Nb5 c4 27. Qa4 Ra8 28. Na7 Ra5 0-1

[Event "GER-chT U20"]
[Site "Naumburg Saale"]
[Date "2014.12.29"]
[Round "6.4"]
[White "Toptschiev, David"]
[Black "Stricker, Florian"]
[Result "1/2-1/2"]
[WhiteElo "1775"]
[BlackElo "2021"]
[PlyCount "68"]
[EventDate "2014.12.27"]
[EventType "team-swiss"]
[EventRounds "7"]
[EventCountry "GER"]
[SourceTitle "EXT 2016"]
[Source "ChessBase"]
[SourceDate "2015.10.08"]
[SourceVersion "1"]
[SourceVersionDate "2015.10.08"]
[SourceQuality "1"]
[WhiteTeam "Baden-Baden"]
[BlackTeam "Bochum"]
[WhiteTeamCountry "GER"]
[BlackTeamCountry "GER"]

1. c4 c6 2. g3 d5 3. cxd5 cxd5 4. d4 Nf6 5. Bg2 Nc6 6. Nc3 Bf5 7. Nf3 e6 8. a3 Be7 9. Bf4 0-0 10. 0-0 h6 11. b4 Rc8 12. Rc1 Re8 13. Ne5 Nxe5 14. Bxe5 Nd7 15. e4 dxe4 16. Nxe4 Nxe5 17. dxe5 Qb6 18. Rxc8 Rxc8 19. Qd7 Qc7 20. Qxc7 Rxc7 21. Nd6 Bxd6 22. exd6 Rd7 23. Rd1 e5 24. Rd5 f6 25. f4 Be6 26. Rb5 b6 27. fxe5 fxe5 28. Rxe5 Rxd6 29. Kf2 Kf7 30. Ke3 Kf6 31. Re4 Bf5 32. Rd4 Re6+ 33. Be4 Re7 34. Kd3 Bxe4+ 1/2-1/2

[Event "GER-chT U20"]
[Site "Naumburg Saale"]
[Date "2014.12.28"]
[Round "4.4"]
[White "Ender, Paul Marius"]
[Black "Toptschiev, David"]
[Result "0-1"]
[WhiteElo "1555"]
[BlackElo "1775"]
[PlyCount "56"]
[EventDate "2014.12.27"]
[EventType "team-swiss"]
[EventRounds "7"]
[EventCountry "GER"]
[SourceTitle "EXT 2016"]
[Source "ChessBase"]
[SourceDate "2015.10.08"]
[SourceVersion "1"]
[SourceVersionDate "2015.10.08"]
[SourceQuality "1"]
[WhiteTeam "Potsdam USV"]
[BlackTeam "Baden-Baden"]
[WhiteTeamCountry "GER"]
[BlackTeamCountry "GER"]

1. e4 c5 2. Nc3 Nc6 3. d3 g6 4. f4 Bg7 5. Nf3 e6 6. Be2 Nge7 7. 0-0 0-0 8. Rb1 d5 9. Qe1 d4 10. Na4 Qd6 11. e5 Qd5 12. c4 dxc3 13. Nxc3 Qd7 14. Ne4 b6 15. Nf6+ Bxf6 16. exf6 Nd5 17. Qh4 Qd8 18. Ne5 Nd4 19. Bf3 Nxf3+ 20. Rxf3 Qxf6 21. Qh6 Qg7 22. Qh4 f6 23. Ng4 h5 24. Nf2 Bb7 25. g4 Nc3 26. Re3 Nxb1 27. gxh5 Kf7 28. Rg3 Ke7 0-1

[Event "GER-chT U14"]
[Site "Magdeburg"]
[Date "2013.12.28"]
[Round "4.2"]
[White "Surguchov, Alexander"]
[Black "Toptschiev, David"]
[Result "1/2-1/2"]
[WhiteElo "1678"]
[BlackElo "1708"]
[PlyCount "83"]
[EventDate "2013.12.27"]
[EventType "team-swiss"]
[EventRounds "4"]
[EventCountry "GER"]
[SourceTitle "EXT 2015"]
[Source "ChessBase"]
[SourceDate "2014.11.20"]
[SourceVersion "1"]
[SourceVersionDate "2014.11.20"]
[SourceQuality "1"]
[WhiteTeam "Duesseldorf Sued"]
[BlackTeam "Baden-Baden U14"]
[WhiteTeamCountry "GER"]
[BlackTeamCountry "GER"]

1. d4 Nf6 2. Bf4 d5 3. e3 Bf5 4. Nf3 e6 5. c3 Bd6 6. Bg3 Bxg3 7. hxg3 Nbd7 8. Bd3 Bxd3 9. Qxd3 a6 10. Nbd2 c5 11. Ne5 c4 12. Qc2 h6 13. Nxd7 Qxd7 14. e4 Qc6 15. e5 Ng8 16. f4 Ne7 17. g4 Qd7 18. 0-0-0 0-0-0 19. Rdf1 g6 20. Nf3 Rdg8 21. Rh3 Rg7 22. Rfh1 Rgh7 23. Ng5 Rg7 24. Rxh6 Rxh6 25. Rxh6 Kc7 26. Rh7 Rxh7 27. Nxh7 Qe8 28. Ng5 b5 29. g3 Qg8 30. Qh2 Nc6 31. Qh7 Qxh7 32. Nxh7 a5 33. Nf6 Nd8 34. Ne8+ Kb6 35. Nd6 Kc6 36. Kd2 Kb6 37. Ke3 b4 38. g5 b3 39. a3 Kc6 40. g4 Kd7 41. f5 Ke7 42. Kf4 1/2-1/2

[Event "GER-chT U14"]
[Site "Magdeburg"]
[Date "2013.12.28"]
[Round "3.2"]
[White "Toptschiev, David"]
[Black "Riess, Alexander"]
[Result "0-1"]
[WhiteElo "1708"]
[BlackElo "1816"]
[PlyCount "102"]
[EventDate "2013.12.27"]
[EventType "team-swiss"]
[EventRounds "4"]
[EventCountry "GER"]
[SourceTitle "EXT 2015"]
[Source "ChessBase"]
[SourceDate "2014.11.20"]
[SourceVersion "1"]
[SourceVersionDate "2014.11.20"]
[SourceQuality "1"]
[WhiteTeam "Baden-Baden U14"]
[BlackTeam "Luebeck"]
[WhiteTeamCountry "GER"]
[BlackTeamCountry "GER"]

1. c4 e5 2. Nc3 Nc6 3. g3 g6 4. Bg2 Bg7 5. e3 d6 6. Nge2 Nge7 7. 0-0 0-0 8. d4 f5 9. d5 Nb8 10. b3 Nd7 11. Bb2 Nf6 12. Rc1 g5 13. f4 Ng6 14. Rc2 Ng4 15. Bc1 gxf4 16. exf4 Qe7 17. h3 Nf6 18. Bf3 a6 19. Kh2 Bd7 20. a4 Kh8 21. Re1 Rae8 22. Bd2 Qf7 23. Bc1 Qe7 24. Bd2 Qf7 25. Bc1 Rg8 26. Bd2 Bf8 27. Rg1 Qg7 28. Qc1 h5 29. h4 e4 30. Bg2 Ng4+ 31. Kh1 Nxh4 32. gxh4 Nf2+ 33. Kh2 Qg4 34. Qf1 Qxh4+ 35. Bh3 Rxg1 36. Nxg1 e3 37. Be1 Qxf4+ 38. Kg2 Nxh3 39. Nxh3 Qg4+ 40. Kh2 Bg7 41. Rg2 Be5+ 42. Bg3 Bxc3 43. Bxd6 e2 44. Qc1 e1Q 45. Qh6+ Kg8 46. Rxg4+ hxg4 47. Qg6+ Bg7 48. Bg3 Re2+ 49. Nf2 Rxf2+ 50. Bxf2 Qxf2+ 51. Kh1 g3 0-1

[Event "GER-chT U14"]
[Site "Magdeburg"]
[Date "2013.12.27"]
[Round "1.1"]
[White "Von Angern, Cedric"]
[Black "Toptschiev, David"]
[Result "1/2-1/2"]
[WhiteElo "1601"]
[BlackElo "1708"]
[PlyCount "103"]
[EventDate "2013.12.27"]
[EventType "team-swiss"]
[EventRounds "4"]
[EventCountry "GER"]
[SourceTitle "EXT 2015"]
[Source "ChessBase"]
[SourceDate "2014.11.20"]
[SourceVersion "1"]
[SourceVersionDate "2014.11.20"]
[SourceQuality "1"]
[WhiteTeam "Magdeburg Aufbau Elbe"]
[BlackTeam "Baden-Baden U14"]
[WhiteTeamCountry "GER"]
[BlackTeamCountry "GER"]

1. e4 c5 2. Nf3 Nc6 3. d4 cxd4 4. Nxd4 g6 5. c4 Nf6 6. Nc3 Nxd4 7. Qxd4 d6 8. f3 Bg7 9. Be3 0-0 10. Qd2 Be6 11. Rc1 a6 12. Be2 Rc8 13. b3 Re8 14. 0-0 Qa5 15. Rc2 Rc7 16. Na4 Qxd2 17. Rxd2 Nd7 18. Nb6 Nxb6 19. Bxb6 Rc6 20. Be3 Bc3 21. Rc2 Bg7 22. Rfc1 Rec8 23. Bd3 h5 24. Kf1 Kh7 25. Kf2 Bh6 26. Bxh6 Kxh6 27. Ke3 g5 28. g3 Kg6 29. Kd2 a5 30. Ke3 b6 31. Kd2 Rf8 32. Ke3 f5 33. exf5+ Bxf5 34. Bxf5+ Rxf5 35. Rc3 Kf6 36. Kd2 Rcc5 37. Rd3 Kf7 38. Re1 Rf6 39. Rde3 e5 40. Rd3 Ke6 41. Re2 Rc7 42. Rde3 Rcf7 43. Rf2 Kd7 44. Ke2 g4 45. Rf1 Kc6 46. a3 Kc5 47. Rd3 Rf5 48. Rd5+ Kc6 49. f4 exf4 50. Rxf5 Rxf5 51. Rxf4 Re5+ 52. Kd2 1/2-1/2

[Event "Baden-ch U12"]
[Site "Karlsruhe"]
[Date "2012.01.04"]
[Round "3"]
[White "Toptschiev, David"]
[Black "Juelg, Gabriel"]
[Result "1-0"]
[WhiteElo "1215"]
[BlackElo "1087"]
[PlyCount "61"]
[EventDate "2012.01.03"]
[EventType "swiss"]
[EventRounds "7"]
[EventCountry "GER"]
[SourceTitle "EXT 2015"]
[Source "ChessBase"]
[SourceDate "2014.11.20"]
[SourceVersion "1"]
[SourceVersionDate "2014.11.20"]
[SourceQuality "1"]

1. e4 c5 2. Nf3 d6 3. d4 cxd4 4. Nxd4 Nf6 5. Nc3 g6 6. f3 Bg7 7. Be3 Nc6 8. Qd2 Nxd4 9. Bxd4 0-0 10. Bd3 a6 11. a4 Bd7 12. 0-0 Rc8 13. f4 Bc6 14. f5 e6 15. fxg6 fxg6 16. h3 Rc7 17. Bb6 Qc8 18. Bxc7 Qxc7 19. Kh1 Nd7 20. Rxf8+ Kxf8 21. Rf1+ Kg8 22. Bc4 d5 23. exd5 exd5 24. Nxd5 Qd6 25. Nb4+ Bd5 26. Qxd5+ Qxd5 27. Bxd5+ Kh8 28. Bxb7 Bxb2 29. Nxa6 Nb6 30. Rb1 Nxa4 31. Bc6 1-0

[Event "Baden-ch U12"]
[Site "Karlsruhe"]
[Date "2012.01.03"]
[Round "2"]
[White "Weisenhorn, Hagen"]
[Black "Toptschiev, David"]
[Result "0-1"]
[WhiteElo "1008"]
[BlackElo "1215"]
[PlyCount "74"]
[EventDate "2012.01.03"]
[EventType "swiss"]
[EventRounds "7"]
[EventCountry "GER"]
[SourceTitle "EXT 2015"]
[Source "ChessBase"]
[SourceDate "2014.11.20"]
[SourceVersion "1"]
[SourceVersionDate "2014.11.20"]
[SourceQuality "1"]

1. e4 e5 2. Nf3 Nc6 3. Bc4 Bc5 4. d3 h6 5. 0-0 d6 6. h3 Nf6 7. Nc3 0-0 8. Be3 Bxe3 9. fxe3 Re8 10. Re1 Na5 11. b3 c6 12. d4 exd4 13. exd4 d5 14. exd5 Rxe1+ 15. Qxe1 cxd5 16. Bd3 Nc6 17. Qe2 a6 18. Rf1 Be6 19. Nh4 Nxd4 20. Qe3 Qb6 21. Kh1 Qb4 22. Nf5 Nxf5 23. Bxf5 Bxf5 24. Rxf5 d4 25. Qf4 Qxc3 26. Rxf6 gxf6 27. Qxf6 Re8 28. Kh2 Qc7+ 29. Kg1 Re1+ 30. Kf2 Re4 31. Kf3 Re3+ 32. Kf2 Qxc2+ 33. Kf1 Rd3 34. Kg1 Rd1+ 35. Kh2 Qc7+ 36. g3 Qc2+ 37. Qf2 Qxf2# 0-1

[Event "GER-chT U12"]
[Site "Arendsee"]
[Date "2011.12.28"]
[Round "3.4"]
[White "Toptschiev, David"]
[Black "Tiedemann, Fin Niklas"]
[Result "0-1"]
[WhiteElo "1215"]
[BlackElo "1429"]
[PlyCount "88"]
[EventDate "2011.12.27"]
[EventType "team-swiss"]
[EventRounds "7"]
[EventCountry "GER"]
[SourceTitle "EXT 2022"]
[Source "ChessBase"]
[SourceDate "2021.10.06"]
[SourceVersion "1"]
[SourceVersionDate "2021.10.06"]
[SourceQuality "1"]
[WhiteTeam "Sasbach U12"]
[BlackTeam "Luebeck SV U12"]
[WhiteTeamCountry "GER"]
[BlackTeamCountry "GER"]

1. e4 e5 2. Nf3 Nc6 3. d4 exd4 4. Bc4 Nf6 5. e5 d5 6. Bb5 Ne4 7. Nxd4 Bd7 8. Bxc6 bxc6 9. Be3 Be7 10. Nd2 Nxd2 11. Qxd2 c5 12. Nb3 d4 13. Bf4 Bc6 14. Rg1 Qd7 15. Qd3 a5 16. a3 Qe6 17. Nd2 f6 18. Qe2 f5 19. Qh5+ g6 20. Qe2 g5 21. Qh5+ Qg6 22. Qxg6+ hxg6 23. Bg3 f4 24. Bxf4 gxf4 25. h3 Rh5 26. 0-0-0 Rxe5 27. Nc4 Rg5 28. g4 fxg3 29. fxg3 Bb5 30. h4 Rh5 31. Nd2 g5 32. hxg5 Bxg5 33. Rde1+ Kd7 34. g4 Rh2 35. Re5 Bxd2+ 36. Kd1 Kd6 37. Rf5 Be2+ 38. Kxd2 Bxg4+ 39. Kc1 Bxf5 40. c3 dxc3 41. bxc3 Rb8 42. Rd1+ Kc6 43. Rd3 Bxd3 44. Kd1 Rb1# 0-1